[Event "Giugliano op 4th"]
[Site "Giugliano"]
[Date "2009.09.20"]
[Round "5"]
[White "Paduano, Gennaro"]
[Black "Elce, Valerio"]
[Result "0-1"]
[WhiteElo "1593"]
[BlackElo "1569"]
[PlyCount "64"]
[EventDate "2009.09.18"]
[EventType "swiss"]
[EventRounds "6"]
[EventCountry "ITA"]
[SourceTitle "EXT 2012"]
[Source "ChessBase"]
[SourceDate "2011.11.24"]
[SourceVersion "1"]
[SourceVersionDate "2011.11.24"]
[SourceQuality "1"]

1. Nf3 Nf6 2. b4 e6 3. a3 c5 4. bxc5 Bxc5 5. e3 d5 6. Bb2 Nbd7 7. d4 Be7 8. Bd3 b6 9. Nbd2 0-0 10. 0-0 Nb8 11. c4 Bb7 12. Rc1 Nbd7 13. Bb1 Rc8 14. Ne5 dxc4 15. Rxc4 Rxc4 16. Ndxc4 b5 17. Nd2 Qa5 18. Qe2 g6 19. Qd3 Rc8 20. Rc1 Rxc1+ 21. Bxc1 Qc7 22. Bb2 a6 23. f3 Bd6 24. f4 Nb6 25. Qc2 Qxc2 26. Bxc2 a5 27. Nb3 a4 28. Nc5 Bd5 29. Kf2 Nc4 30. Bc1 Nxe5 31. dxe5 Ng4+ 32. Kg3 Nxe5 0-1

[Event "Giugliano op 4th"]
[Site "Giugliano"]
[Date "2009.09.19"]
[Round "4"]
[White "Ponticelli, Carmine"]
[Black "Elce, Valerio"]
[Result "0-1"]
[WhiteElo "1452"]
[BlackElo "1569"]
[PlyCount "64"]
[EventDate "2009.09.18"]
[EventType "swiss"]
[EventRounds "6"]
[EventCountry "ITA"]
[SourceTitle "EXT 2012"]
[Source "ChessBase"]
[SourceDate "2011.11.24"]
[SourceVersion "1"]
[SourceVersionDate "2011.11.24"]
[SourceQuality "1"]

1. d4 d5 2. c4 c6 3. Nc3 e6 4. Nf3 Nf6 5. Bg5 h6 6. Bh4 dxc4 7. e4 g5 8. Bg3 b5 9. a3 Bb7 10. Be5 Nbd7 11. Bxf6 Nxf6 12. e5 Nd7 13. b3 cxb3 14. Qxb3 a6 15. Rd1 Qa5 16. Be2 Qxa3 17. Qxa3 Bxa3 18. 0-0 0-0 19. Bd3 c5 20. Be4 Bxe4 21. Nxe4 c4 22. d5 exd5 23. Rxd5 Nb6 24. Rdd1 Rfd8 25. Rxd8+ Rxd8 26. Ra1 c3 27. Ne1 Bb2 28. Rxa6 Rd1 29. Kf1 c2 30. Nd2 c1Q 31. Ndf3 Rxe1+ 32. Nxe1 Bc3 0-1